| 000 | 00925 a2200253 4500 | ||
|---|---|---|---|
| 005 | 20151001121350.0 | ||
| 008 | 151001t2011 ck a fr|||| 000 0 spa d | ||
| 020 | _a9789589937051 | ||
| 040 |
_aCO-BoUCM _bspa _cSandra Palacio _dSandra Palacio |
||
| 041 | 0 | _aspa | |
| 100 |
_aEscobar, Amparo _971887 |
||
| 245 |
_aPensar el lenguaje, pensar el aprendizaje _cAmparo Escobar y Amparo Duarte |
||
| 260 |
_c2011 _bKimpres _aBogotá (Colombia) |
||
| 300 |
_a78 páginas _bilustraciones |
||
| 490 | _aExperiencias pedagógicas | ||
| 504 | _aIncluye referencias bibliográficas | ||
| 650 | 7 |
_913779 _aEducación _zCali (Colombia) |
|
| 650 | 7 |
_917968 _aInvestigación _zCali (Colombia) |
|
| 650 | 7 |
_99256 _aAprendizaje _xInvestigación _zCali (Colombia) |
|
| 690 |
_942917 _aTeoría de la educación |
||
| 700 |
_aDuatre, Amparo _971888 |
||
| 942 |
_2DEWEY _a10 _cLIBRO _e1 _h370.3 _mE746 |
||
| 999 |
_c301312 _d301312 |
||